000 00706nam a2200241Ia 4500
003 OSt
005 20220926030047.0
006 a|||||r|||| 00| 0
007 ta
008 220923b |||||||| |||| 00| 0 eng d
037 _cGeneral Book
040 _aRTL
_cRTL
_beng
041 _2eng
_aeng
082 _aH421, L3
100 _aKasser Peter
_9333436
245 0 _aFluctuations of glaciers, 1965-1970
260 _aParis
_bUnesco
_c1973
300 _a357p.
_ccm.
500 _aInternational association of hudrological science, international commission on snow and ice
650 _aGeology
_915465
942 _hH421, L3
_cGB
_2CC
999 _c648556
_d648556